00855nam a2200193Ia 4500008004100000020001500041050002100056100002700077240006500104245014700169260003800316300003700354336001000391337001400401338001200415500003600427505015900463650003900622120720s1989 mx d 000 0 spa d a9686244018 aHF5429bA56 198910aAllen, Randy L.eautor aBottom line issues in retailinglingléssTítulo original10aFundamentos del comercio detallistab : una guía de Touche Ross internacional para administración productiva de tiendasc / Randy L. Allen aMéxicob : Carrasquillac, 1989 axx, 305 páginasb : gráficas atexto asin medio avolumen aIncluye: índice (pp. 297-305) aAdministración de mercaderías La tecnología y el detallista Contabilidad administrativa del detallista Planeación para el éxito Menudeo es gente14aADMINISTRACIONxCOMERCIO MINORISTA